| 000 | 00610nam a2200193Ia 4500 | ||
|---|---|---|---|
| 005 | 20250508155430.0 | ||
| 008 | 008 250505s9999 xx 000 0 eng d | ||
| 037 | _aBooks to be hide in OPAC | ||
| 040 |
_aFEDL _beng _cFEDL |
||
| 041 |
_aeng _2eng |
||
| 084 |
_a150.63, IND/O _qFEDL |
||
| 245 | 0 | _aProceedings of the conference of professors of psychology | |
| 245 | 0 | _cIndia, Government.... Education (Ministry....) | |
| 300 | _a30p. | ||
| 546 | _aHeld at New Delhi on the 19th and 20th January, 1951 | ||
| 650 | _aPsychology | ||
| 942 |
_cHB _h150.63, IND/O |
||
| 999 |
_c1356830 _d1356830 |
||